[Event "ISR-ch Women 2018"]
[Site "Ma'alot-Tarshih"]
[Date "2018.12.12"]
[Round "1"]
[White "Shvayger, Yuliya"]
[Black "Vardi, Shlomit"]
[Result "1-0"]
[WhiteElo "2393"]
[BlackElo "1910"]
[Annotator "ChessBase"]
[PlyCount "58"]
[EventDate "2018.12.12"]
[EventType "swiss"]
[EventCountry "ISR"]
[SourceTitle "playchess.com"]
[Source "ChessBase"]
[SourceQuality "1"]
[TimeControl "40/5400+30:1800+30"]

1. e4 {[%emt 0:00:00]} d6 {[%emt 0:00:00]} 2. d4 {[%emt 0:00:00]} g6 {[%emt 0:00:00]} 3. Nc3 {[%emt 0:00:00]} Bg7 {[%emt 0:00:00]} 4. Be3 {[%emt 0:00:11]} c6 {[%emt 0:00:00]} 5. Qd2 {[%emt 0:00:35]} b5 {[%emt 0:01:28]} 6. Bd3 {[%emt 0:02:59]} Qc7 {[%emt 0:03:45]} 7. Nce2 {[%emt 0:16:57]} a6 {[%emt 0:06:49]} 8. a4 {[%emt 0:07:39]} Bb7 {[%emt 0:01:21]} 9. Nf3 {[%emt 0:00:14]} c5 {[%emt 0:01:45]} 10. c3 {[%emt 0:03:05]} Nf6 {[%emt 0:02:24]} 11. Ng3 {[%emt 0:06:17]} h5 {[%emt 0:02:45]} 12. h4 {[%emt 0:09:15]} Nbd7 {[%emt 0:08:46]} 13. O-O {[%emt 0:02:53]} c4 {[%emt 0:00:37]} 14. Bc2 {[%emt 0:00:06]} Ng4 {[%emt 0:00:36]} 15. Ng5 {[%emt 0:03:23]} e5 {[%emt 0:08:14]} 16. d5 {[%emt 0:06:14]} O-O {[%emt 0:01:49]} 17. Bd1 {[%emt 0:03:14]} Nc5 {[%emt 0:02:23]} 18. Bxc5 {[%emt 0:13:20]} Qxc5 {[%emt 0:00:51]} 19. Bxg4 {[%emt 0:00:17]} hxg4 {[%emt 0:00:14]} 20. Qe2 {[%emt 0:00:18]} Bc8 {[%emt 0:01:24]} 21. axb5 {[%emt 0:00:21]} Qxb5 {[%emt 0:01:55]} 22. b4 {[%emt 0:03:37]} Bd7 {[%emt 0:09:06]} 23. f3 {[%emt 0:02:22]} Qb6+ {[%emt 0:06:33]} 24. Kh2 {[%emt 0:00:30]} Bh6 {[%emt 0:02:16]} 25. fxg4 {[%emt 0:01:29]} Bxg5 {[%emt 0:07:34]} 26. hxg5 {[%emt 0:00:06]} Kg7 {[%emt 0:00:26]} 27. Nh1 {[%emt 0:03:48]} Rh8+ {[%emt 0:01:50]} 28. Kg3 {[%emt 0:00:02]} a5 {[%emt 0:04:20]} 29. Qf3 {[%emt 0:15:18]} Be8 {[%emt 0:25:19]} 1-0

[Event "ISR-ch Women 2018"]
[Site "Ma'alot-Tarshih"]
[Date "2018.12.12"]
[Round "1"]
[White "Klinova, Masha"]
[Black "Brusilovski, Lena"]
[Result "1-0"]
[WhiteElo "2267"]
[BlackElo "1886"]
[Annotator "TA"]
[PlyCount "55"]
[EventDate "2018.12.12"]
[EventType "swiss"]
[EventCountry "ISR"]
[SourceTitle "playchess.com"]
[Source "ChessBase"]
[SourceQuality "1"]

{[%evp 16,55,56,44,82,75,87,84,75,72,72,75,91,87,87,94,75,86,114,79,86,86,87,83,89,83,149,159,150,154,158,156,155,155,361,349,550,539,643,623,843,864]} 1. e4 c5 2. Nf3 d6 3. Bb5+ Bd7 4. Bxd7+ Qxd7 5. O-O Nc6 6. c3 {[%cal Bc2c3,Bc3d4,Bd4d5][%mdl 32]} g6 7. d4 cxd4 8. cxd4 Bg7 9. Nc3 {LiveBook: 13 Games} Rd8 {B52: Sicilian: Moscow Variation with 3...Bd7} (9... Nf6 10. d5 Ne5 11. Nxe5 dxe5 12. f3 O-O 13. Qb3 Rfc8 14. Be3 Ne8 15. Qb5 Qxb5 16. Nxb5 a6 17. Na3 Nd6 18. Rac1 f5 19. exf5 gxf5 {0-1 (46) Rublevsky,S (2688)-Kanarek,M (2482) Warsaw 2012}) 10. Be3 b6 11. Rc1 Nf6 {White is better.} 12. d5 Ne5 13. Nxe5 $146 ({Predecessor:} 13. Bd4 Nxf3+ 14. Qxf3 O-O 15. Qe2 Qb7 16. a4 a6 17. f3 {0-1 (43) Fressinet,L-Chikovani,V Herculane 1994}) 13... dxe5 14. f3 O-O 15. Qb3 Rc8 16. a4 Ne8 17. Qb5 Qb7 18. Qb4 Nd6 19. Nb5 Qd7 20. Nxd6 Qxd6 (20... exd6 $142 21. Qb5 Rcd8) 21. Qxd6 $16 exd6 22. Rc6 Rxc6 23. dxc6 {KRB-KRB} Rc8 24. Rc1 Rc7 $2 (24... Bf6 $16 25. b4 Bd8) 25. b4 $18 {[%cal Bb2b4,Bb4b5][%mdl 32]} Kf8 (25... Bf6 $142 26. b5 h6 27. Bxh6 g5) 26. b5 {White is clearly winning.} Ke7 {[#]} 27. a5 $1 {[%mdl 512]} bxa5 {[#]} 28. Bxa7 $1 {[%mdl 576] Promotion. Accuracy: White = 100%, Black = 31%.} 1-0

[Event "ISR-ch Women 2018"]
[Site "Ma'alot-Tarshih"]
[Date "2018.12.12"]
[Round "1"]
[White "Katkov, Michelle"]
[Black "Efroimski, Marsel"]
[Result "0-1"]
[WhiteElo "1887"]
[BlackElo "2301"]
[Annotator "TA"]
[PlyCount "48"]
[EventDate "2018.12.12"]
[EventType "swiss"]
[EventCountry "ISR"]
[SourceTitle "playchess.com"]
[Source "ChessBase"]
[SourceQuality "1"]

{[%evp 15,48,4,0,-31,-40,-33,-32,-46,-46,-38,-45,-41,-43,-140,-113,-175,-182,-178,-189,-425,-424,-418,-410,-504,-354,-389,-393,-418,-413,-583,-570,-535,-391,-29990,-29991]} 1. e4 c5 2. c3 d5 3. exd5 Qxd5 4. d4 Nf6 5. Nf3 e6 6. Be3 Be7 {B22: Sicilian: 2 c3} (6... cxd4 7. cxd4 Bb4+ 8. Nc3 O-O 9. Be2 Nc6 10. O-O Qd8 11. Qb3 {½-½ (11) Yudin,S (2526)-Fier,A (2558) Almaty 2018}) 7. dxc5 Qxd1+ 8. Kxd1 O-O {LiveBook: 13 Games. The position is equal.} 9. b4 a5 10. Bc4 axb4 $146 ({Predecessor:} 10... Ng4 11. a3 Nxe3+ 12. fxe3 axb4 13. cxb4 Nc6 14. Ra2 {1-0 (58) Linde,W (2158)-Koellner,A (1981) Werther 2018}) 11. cxb4 Nc6 {...Ng4 is the strong threat.} 12. b5 Na5 13. Nbd2 $1 Ng4 14. Bd4 (14. Ke2 $15) 14... e5 15. Nxe5 {[#]} (15. Re1 $17) 15... Rd8 $1 $36 {[%cal Rd8d4][%mdl 2048] White is under strong pressure.} 16. Bxf7+ Kf8 17. Bb2 $2 (17. Nef3 {was the only defense.}) 17... Nxe5 18. Bxe5 Kxf7 19. Ke2 Bf5 20. Rhc1 Bd3+ 21. Kf3 Bxb5 22. Ne4 (22. Bd6 $142) 22... Rd3+ 23. Kf4 Kg6 24. Bd6 $2 {[#]} (24. f3 $19) 24... Rf8+ {Accuracy: White = 20%, Black = 80%.} 0-1

[Event "ISR-ch Women 2018"]
[Site "Ma'alot-Tarshih"]
[Date "2018.12.12"]
[Round "1"]
[White "Levitan, Ronit"]
[Black "Nesterovskaya, Anzhelika"]
[Result "0-1"]
[WhiteElo "1875"]
[BlackElo "2130"]
[Annotator "TA"]
[PlyCount "82"]
[EventDate "2018.12.12"]
[EventType "swiss"]
[EventCountry "ISR"]
[SourceTitle "playchess.com"]
[Source "ChessBase"]
[SourceQuality "1"]

{[%evp 15,82,-2,-11,-33,-21,-36,0,-11,-14,-22,21,-85,-67,-121,-108,-145,-127,-151,-104,-275,-148,-157,-108,-120,-89,-139,-112,-242,-182,-159,-150,-321,-317,-328,-320,-303,-242,-246,-277,-222,-91,-306,0,-225,-179,-175,-147,-164,-164,-162,-169,-251,-261,-330,-266,-402,-260,-825,-814,-29984,-29985,-29985,-29986,-29986,-29987,-29990,-29991,-29991,-29992]} 1. e4 c6 2. d4 g6 3. Nf3 d5 4. exd5 cxd5 5. c4 Nf6 6. Nc3 Bg7 7. Bd3 {B14: Caro-Kann: Panov-Botvinnik Attack with 5...e6 and 5...g6} (7. Bg5 Ne4 8. Bh4 Nxc3 9. bxc3 O-O 10. cxd5 Qxd5 11. Be2 Nc6 12. O-O e5 13. c4 Qe4 14. Bd3 Qg4 15. h3 Qh5 {½-½ (25) Van Wely,L (2667)-Ragger,M (2672) Brest 2018}) 7... Nc6 8. h3 O-O {LiveBook: 9 Games} 9. a3 {The position is equal.} dxc4 10. Bxc4 Bf5 11. Be3 Rc8 12. Ba2 a6 $146 ({Predecessor:} 12... Ne4 13. Rc1 Nxc3 14. Rxc3 Be4 {0-1 (57) Lvova,Y (1978)-Popova,N (2233) Minsk 2007}) 13. Ne5 (13. d5 $11 {keeps the balance.} Na5 14. Bd4) 13... Ne4 14. Nf3 ({White should play} 14. Nxc6 $15 Rxc6 15. Nxe4 Bxe4 16. O-O) 14... Qa5 15. Rc1 e5 16. d5 {[#]} Nd4 $1 {[%cal Re4c3][%mdl 512]} 17. Bd2 $2 (17. O-O $17 {is the only way for White.}) (17. Bxd4 exd4) 17... Nxf3+ (17... Nxd2 $19 18. Nxd2 Bd3) 18. gxf3 $17 Nxd2 19. Qxd2 Rfd8 20. h4 {[#]} e4 $1 {[%mdl 512]} 21. f4 (21. fxe4 $17 Bxe4 22. O-O) (21. Nxe4 Rxc1+) 21... h5 22. O-O Qb6 23. Rfd1 $2 (23. Rfe1 $17) 23... Qf6 24. Qe3 Qxh4 25. Qg3 Qf6 26. Qe3 Bg4 {And now ...Qh4 would win.} 27. Re1 {[#]} Qh4 (27... Rxc3 $1 $19 {[%mdl 512] is more deadly.} 28. Qxc3 (28. bxc3 Bf3) 28... Qxf4) 28. Qg3 $2 (28. Nxe4 $17 Rxc1 29. Rxc1) 28... Qf6 29. Qe3 $1 Bf3 $40 {[%mdl 128] aiming for ...Qh4. Black is out for blood.} 30. Nxe4 Bxe4 ({Don't do} 30... Qxb2 31. Rxc8 Rxc8 32. Qxf3 $15) 31. Qxe4 Rxc1 32. Rxc1 Qxb2 {[%mdl 64] Double Attack} 33. Qc2 (33. Rc2 {was worth a try.} Qxa3 34. f5) 33... Qxa3 $19 34. Qc7 Rd6 35. Rc2 (35. Kg2 $142) 35... Bd4 36. Qxb7 $2 (36. Kh2) 36... Qg3+ {[%mdl 64] Double Attack} 37. Kh1 Qf3+ {Black mates.} 38. Kh2 Qxf4+ 39. Kg1 Qg4+ 40. Kf1 Qd1+ {[%mdl 64] Double Attack} 41. Kg2 Qxc2 {[%mdl 64] Double Attack. Accuracy: White = 19%, Black = 35%.} 0-1

[Event "ISR-ch Women 2018"]
[Site "Ma'alot-Tarshih"]
[Date "2018.12.12"]
[Round "1"]
[White "Ovechkin, Lilia"]
[Black "Reprun, Nadejda"]
[Result "1/2-1/2"]
[WhiteElo "1779"]
[BlackElo "2016"]
[Annotator "NA RC"]
[PlyCount "50"]
[EventDate "2018.12.12"]
[EventType "swiss"]
[EventCountry "ISR"]
[SourceTitle "playchess.com"]
[Source "ChessBase"]
[SourceQuality "1"]
[TimeControl "40/5400+30:1800+30"]

{[%evp 8,50,19,6,17,6,18,32767,-3,-8,-3,32767,32767,32767,32767,32767,0,32767,32767,32767,0,0,2,32767,-19,-16,-22,-10,-13,-22,-18,-22,-23,-18,-18,-20,-19,-11,-1,-26,-21,-13,-15,-20,-24]} 1. d4 {[%emt 0:00:00]} d5 {[%emt 0:00:00]} 2. Bf4 {[%emt 0:01:05]} Nf6 {[%emt 0:01:17]} 3. Nc3 {[%emt 0:00:59]} c6 {[%emt 0:01:38]} 4. e3 {[%emt 0:02:12]} Bf5 {[%emt 0:02:08] D00: 1 d4 d5: Unusual lines} 5. Bd3 {[%emt 0:02:22] LiveBook: 13 Games} Bxd3 {[%emt 0:02:26]} 6. Qxd3 {[%emt 0:00:28]} Nbd7 {[%emt 0:01:36]} 7. Nge2 {[%emt 0:06:07]} e6 {[%emt 0:02:49]} 8. e4 {[%emt 0:01:21]} Nxe4 {[%emt 0:05:46]} 9. Nxe4 {[%emt 0:00:34]} dxe4 {[%emt 0:00:05]} 10. Qxe4 {[%emt 0:00:22]} Nf6 {[%emt 0:01:26]} 11. Qd3 {[%emt 0:04:23]} Be7 {[%emt 0:02:09]} 12. O-O {[%emt 0:06:20]} O-O $146 {[%emt 0:02:04]} 13. Rfd1 {[%emt 0:01:25]} Qd7 {[%emt 0:13:24]} 14. Nc3 {[%emt 0:08:25]} Nd5 {[%emt 0:03:04]} 15. Bc1 {[%emt 0:06:28]} Nxc3 {[%emt 0:03:00]} 16. Qxc3 {[%emt 0:18:21]} Rfd8 {[%emt 0:01:38]} 17. Rd3 {[%emt 0:00:44]} Bf6 {[%emt 0:04:56]} 18. Be3 {[%emt 0:01:13]} Qd5 {[%emt 0:02:54]} 19. Qb3 {[%emt 0:01:40]} Rd7 {[%emt 0:01:56]} 20. Qxd5 {[%emt 0:10:46]} cxd5 {[%emt 0:00:23]} 21. Bf4 {[%emt 0:02:16]} Rc8 {[%emt 0:01:48]} 22. c3 {[%emt 0:01:49]} Be7 {[%emt 0:04:52]} 23. Re1 {[%emt 0:01:37]} Bd6 {[%emt 0:01:25]} 24. Bxd6 {[%emt 0:02:49]} Rxd6 {[%emt 0:00:06]} 25. f4 {[%emt 0:00:24]} h5 $11 {[%emt 0:14:15]} 1/2-1/2

[Event "ISR-ch Women 2018"]
[Site "Ma'alot-Tarshih"]
[Date "2018.12.12"]
[Round "1"]
[White "Orian, Noga"]
[Black "Buzukashvili, Sofia"]
[Result "0-1"]
[WhiteElo "1343"]
[BlackElo "1963"]
[Annotator "NA"]
[PlyCount "148"]
[EventDate "2018.12.12"]
[EventType "swiss"]
[EventCountry "ISR"]
[SourceTitle "playchess.com"]
[Source "ChessBase"]
[SourceQuality "1"]
[TimeControl "40/5400+30:1800+30"]

1. d4 {[%emt 0:00:00]} Nf6 {[%emt 0:00:00]} 2. e3 {[%emt 0:00:00]} g6 {[%emt 0:00:23]} 3. Nf3 {[%emt 0:00:33]} d6 {[%emt 0:00:41]} 4. c4 {[%emt 0:00:45]} Bg7 {[%emt 0:00:27]} 5. Nc3 {[%emt 0:00:24]} O-O {[%emt 0:00:35]} 6. b3 {[%emt 0:00:24] E61: King's Indian: Early deviations for White, including Smyslov System} (6. Be2 Nbd7 7. d5 e5 8. dxe6 fxe6 9. O-O e5 10. b3 Kh8 11. Bb2 Qe7 12. Rc1 Nc5 13. b4 Nce4 14. Nxe4 Nxe4 15. Nd2 Nxd2 16. Qxd2 Bd7 17. c5 d5 18. Qxd5 Bc6 19. Qc4 a6 20. Qg4 Rf5 21. Rcd1 Rg5 {0-1 (21) Harikrishna,P (2763)-Nakamura,H (2787) chess.com INT 2016}) 6... a5 {[%emt 0:08:19]} 7. Bd3 {[%emt 0:10:43]} Na6 $146 {[%emt 0:02:29]} ({Predecessor:} 7... c5 8. h3 Nc6 9. d5 Nxd5 10. Nxd5 Bxa1 11. O-O Nb4 12. Nxb4 axb4 13. Qc2 Bg7 14. Rd1 {0-1 (35) Podvin,A (1377)-Heymann,A (2025) La Fere 2011}) 8. Bb2 {[%emt 0:11:06]} Re8 {[%emt 0:13:28]} 9. e4 {[%emt 0:11:45]} Nd7 {[%emt 0:05:01]} 10. O-O {[%emt 0:03:14]} e5 {[%emt 0:02:45]} 11. d5 {[%emt 0:02:44]} Ndc5 {[%emt 0:04:07]} 12. Ne1 {[%emt 0:06:28]} f5 {[%emt 0:07:31]} 13. f3 {[%emt 0:02:32]} f4 {[%emt 0:05:09]} 14. Ba3 {[%emt 0:13:58]} Nd7 {[%emt 0:09:12]} 15. Qd2 {[%emt 0:03:14]} Qh4 {[%emt 0:08:02]} 16. Qf2 {[%emt 0:07:49]} Qg5 {[%emt 0:05:24]} 17. Bc2 {[%emt 0:05:07]} Bf6 {[%emt 0:08:33]} 18. Nd3 {[%emt 0:01:57]} b6 {[%emt 0:00:22]} 19. Nb5 {[%emt 0:03:50]} Qh5 {[%emt 0:05:10]} 20. Rfd1 {[%emt 0:01:58]} Bh4 {[%emt 0:00:49]} 21. Qe2 {[%emt 0:00:49]} ({White should play} 21. g3 $11 Bg5 22. Kg2) 21... Ndc5 {[%emt 0:02:51]} 22. Bxc5 {[%emt 0:01:49]} bxc5 {[%emt 0:00:36]} 23. Nf2 {[%emt 0:01:14]} Re7 {[%emt 0:01:32]} 24. h3 {[%emt 0:02:27]} Qg5 {[%emt 0:00:25]} 25. Kf1 {[%emt 0:01:11]} Qg3 {[%emt 0:00:39]} 26. Kg1 $1 {[%emt 0:01:15]} h5 {[%emt 0:00:47]} 27. Nh1 {[%emt 0:01:53]} Qg5 {[%emt 0:00:07]} 28. Kf1 {[%emt 0:00:07]} Qf6 {[%emt 0:00:52]} 29. Nf2 {[%emt 0:00:18]} g5 {[%emt 0:00:30]} 30. Ke1 {[%emt 0:02:04]} Rg7 {[%emt 0:03:23]} 31. Kd2 {[%emt 0:00:42]} Kf7 {[%emt 0:00:49]} 32. Rg1 {[%emt 0:00:45]} Bd7 {[%emt 0:00:06]} 33. Nc3 {[%emt 0:00:12]} Rag8 {[%emt 0:00:15]} 34. Rac1 {[%emt 0:00:33]} Nb4 {[%emt 0:01:00]} 35. Rb1 {[%emt 0:00:45]} g4 {[%emt 0:01:41]} 36. hxg4 {[%emt 0:01:55]} hxg4 {[%emt 0:00:26]} 37. Rgf1 {[%emt 0:00:56]} gxf3 {[%emt 0:00:56]} 38. gxf3 {[%emt 0:00:03]} Rg2 {[%emt 0:00:09]} 39. a3 {[%emt 0:01:03]} Nxc2 {[%emt 0:01:29]} 40. Kxc2 {[%emt 0:00:04]} Rh2 {[%emt 0:01:59]} 41. Ncd1 {[%emt 0:30:48]} Rgg2 $2 {[%emt 0:30:13]} (41... Bh3 42. Kc3 Bxf1 43. Qxf1 Rgg2) 42. a4 {[%emt 0:00:55]} Bg3 {[%emt 0:00:11]} 43. Rb2 {[%emt 0:00:03]} Qh4 {[%emt 0:00:09]} 44. Kd3 $1 {[%emt 0:00:11]} Bh3 $2 {[%emt 0:00:34]} 45. Kc3 $1 {[%emt 0:00:34] [#]} Kf6 {[%emt 0:00:04]} (45... Bg4 $1 $19 {[%mdl 512]} 46. fxg4 (46. Nxg4 Rxe2) 46... Bxf2 47. Nxf2 Qg3+ 48. Qd3 Rxf2 49. Rbxf2 Rxf2 50. Rxf2 Qxf2) 46. Kd3 {[%emt 0:00:07]} Kf7 {[%emt 0:00:07]} (46... Bxf2 $19 47. Rxf2 Qg3) 47. Kc3 {[%emt 0:00:06] [#]} Bd7 $2 {[%emt 0:01:47]} 48. Kd3 {[%emt 0:00:24]} Qh5 {[%emt 0:00:03]} 49. Kc3 {[%emt 0:00:33]} Qh4 {[%emt 0:01:00]} (49... Bh4 $19 50. Kc2 Rg3) 50. Kd3 {[%emt 0:00:08]} Bg4 {[%emt 0:00:05]} 51. Kc3 {[%emt 0:02:27]} Bxf3 {[%emt 0:01:04]} 52. Qxf3 {[%emt 0:00:05] [#]} Bxf2 $1 {[%emt 0:00:09]} 53. Rbxf2 {[%emt 0:00:59]} Rg3 {[%emt 0:00:14]} 54. Rxh2 $19 {[%emt 0:00:30]} Rxf3+ {[%emt 0:00:27]} 55. Rxf3 {[%emt 0:00:09]} Qxh2 {[%emt 0:00:03]} 56. Rf2 {[%emt 0:00:45]} Qg1 {[%emt 0:00:04]} 57. Kc2 {[%emt 0:00:37]} Qg3 {[%emt 0:00:07]} 58. Re2 {[%emt 0:00:29]} Kf6 {[%emt 0:01:15]} 59. Nc3 {[%emt 0:00:30]} f3 {[%emt 0:00:10]} 60. Rd2 {[%emt 0:00:32]} f2 {[%emt 0:00:26]} 61. Rxf2+ {[%emt 0:00:29]} Qxf2+ {[%emt 0:00:05]} 62. Kd3 {[%emt 0:00:15]} Qf3+ {[%emt 0:00:05]} 63. Kc2 {[%emt 0:00:04]} Kg5 {[%emt 0:00:22]} 64. Kb2 {[%emt 0:00:07]} Kf4 {[%emt 0:00:04]} 65. Nb5 {[%emt 0:00:28]} Qxe4 {[%emt 0:00:32]} 66. Nxc7 {[%emt 0:00:11]} Qe2+ {[%emt 0:00:10]} 67. Kc3 {[%emt 0:00:11]} Qe1+ {[%emt 0:00:06]} 68. Kc2 {[%emt 0:00:06]} Ke3 {[%emt 0:00:37]} 69. Nb5 {[%emt 0:00:27]} Qd2+ {[%emt 0:00:06]} 70. Kb1 {[%emt 0:00:09]} Kf3 {[%emt 0:01:26]} 71. Nxd6 {[%emt 0:00:18]} e4 {[%emt 0:00:03]} 72. b4 {[%emt 0:00:59]} e3 {[%emt 0:00:04]} 73. Nf5 {[%emt 0:00:29]} e2 {[%emt 0:00:39]} 74. Nh4+ {[%emt 0:00:08]} Kf2 {[%emt 0:00:03]} 0-1

[Event "ISR-ch Women 2018"]
[Site "Ma'alot-Tarshih"]
[Date "2018.12.13"]
[Round "2"]
[White "Efroimski, Marsel"]
[Black "Lahav, Michal"]
[Result "0-1"]
[WhiteElo "2301"]
[BlackElo "2059"]
[Annotator "TA"]
[PlyCount "82"]
[EventDate "2018.12.12"]
[EventType "swiss"]
[EventCountry "ISR"]
[SourceTitle "playchess.com"]
[Source "ChessBase"]
[SourceQuality "1"]

{[%evp 24,81,30,22,76,20,8,10,66,68,136,163,235,237,232,233,283,295,270,242,237,241,225,220,249,227,233,223,220,187,219,189,169,80,112,121,183,0,50,-1,0,-744,-709,-1755,-1744,-1571,-1459,-1130,-747,-1289,-1154,-1335,-1234,-29990,-29991,-29993,-29994,-29996,-29997,-29999]} 1. e4 e6 2. d4 d5 3. Nd2 Be7 4. Ngf3 Nf6 5. e5 Nfd7 6. Bd3 c5 7. c3 Nc6 8. O-O g5 9. dxc5 g4 10. Nd4 {C06: French Tarrasch: 3...Nf6 4 e5 Nfd7 5 Bd3 main lines} Ndxe5 11. Bb5 Bd7 12. N2b3 h5 13. Qe2 {LiveBook: 3 Games} Ng6 {[#]} (13... a6 $11 14. f4 Nf3+ 15. gxf3 axb5) 14. Nxc6 $146 (14. f4 $1 $16) ({Predecessor:} 14. f4 gxf3 15. Nxf3 Qc7 16. Bg5 O-O-O 17. Bxc6 Bxc6 18. Bxe7 Qxe7 {0-1 (28) Gonzalez Vidal,Y (2503)-Arizmendi Martinez,J (2555) Arinsal 2011}) 14... bxc6 $11 15. Bd3 Rg8 (15... O-O $11) 16. f4 $14 gxf3 (16... f5 $14) 17. Qxf3 $16 {[%csl Gf1][%cal Rf3f7]} ({But not} 17. Rxf3 Qb8 $14) 17... Ne5 (17... f5 $142 18. Qxh5 Bf6) 18. Qxh5 $18 Bf6 19. Bc2 Qe7 20. Bf4 Rh8 21. Qe2 Nc4 22. Bd3 e5 23. Bg3 Bh4 {intending ...Bxg3.} 24. Bxc4 Bxg3 25. hxg3 {Hoping for Ba6.} dxc4 26. Qxc4 Be6 27. Qe4 Bd5 28. Qe3 (28. Qe2 $18 {and White stays clearly on top.}) 28... Qe6 {[#]} 29. Nd2 $1 O-O-O {[#]} (29... Rh1+ $16 30. Kf2 Qf5+ 31. Nf3 Rh5) 30. Nf3 $2 ({White must play} 30. Ne4 $1 $18) 30... Rh5 (30... Rdg8 $5 {[%cal Rg8g3]} 31. Qxe5 Qxe5 32. Nxe5 Rxg3 $11) 31. b3 ({White should try} 31. Rad1 $1 $14) 31... Qg4 32. Rf2 $2 {[%mdl 8192]} (32. c4 $11 Bxf3 33. Rxf3 (33. Qxf3 Qd4+ 34. Qf2 Qe4 $14)) 32... Qxg3 $19 {And now ...Rdh8 would win.} 33. c4 Rdh8 {[%csl Gh8][%cal Rh5h1]} 34. Kf1 Rh1+ 35. Ke2 Bxf3+ {[%mdl 64] Overworked Piece} 36. Rxf3 Qxg2+ 37. Rf2 Qg4+ 38. Kd2 Rxa1 {Black mates.} 39. Qxe5 Rxa2+ 40. Kc3 Rh3+ 41. Kb4 a5# {Accuracy: White = 38%, Black = 36%.} 0-1

[Event "ISR-ch Women 2018"]
[Site "Ma'alot-Tarshih"]
[Date "2018.12.13"]
[Round "2"]
[White "Nesterovskaya, Anzhelika"]
[Black "Shvayger, Yuliya"]
[Result "0-1"]
[WhiteElo "2130"]
[BlackElo "2393"]
[Annotator "TA"]
[PlyCount "78"]
[EventDate "2018.12.12"]
[EventType "swiss"]
[EventCountry "ISR"]
[SourceTitle "playchess.com"]
[Source "ChessBase"]
[SourceQuality "1"]

{[%evp 9,78,0,7,16,14,-2,6,-4,4,0,25,13,19,17,27,-25,9,11,19,19,13,24,38,38,38,37,37,14,14,-3,0,-18,0,-41,0,-113,-119,-115,-117,-133,-137,-248,-246,-248,-248,-247,-246,-287,-281,-382,-384,-417,-418,-421,-386,-475,-464,-475,-466,-574,-532,-615,-508,-933,-915,-986,-971,-1324,-1312,-1356,-1332]} 1. e4 {[%cal Be2e4,Be4d5][%mdl 32]} c5 2. f4 d5 3. exd5 Nf6 4. Bb5+ Nbd7 (4... Bd7 5. Bxd7+ Qxd7 6. c4 e6 7. Nf3 exd5 8. Ne5 Qd8 9. Qb3 Nbd7 10. Qxb7 Rb8 11. Qxa7 Ra8 12. Qb7 Rb8 13. Qc6 Rb6 14. Qa4 Bd6 15. cxd5 {1-0 (39) Navara,D (2727)-Moiseenko,A (2692) Wroclaw 2014}) 5. Nc3 a6 {LiveBook: 4 Games} 6. Be2 {B21: Sicilian: 2 f4 and Morra Gambit} Nb6 7. d4 $146 ({Predecessor:} 7. Nf3 Nbxd5 8. Nxd5 Nxd5 9. d4 e6 10. O-O Bd6 11. Kh1 O-O {½-½ (40) Carlstedt,J (2468)-Bogner,S (2537) Stroebeck 2015}) 7... Nbxd5 8. Nxd5 {The position is equal.} Qxd5 9. Nf3 Bf5 10. c4 Qd6 11. Qa4+ Bd7 12. Qa3 (12. dxc5 $142 Qxc5 13. Qb3) 12... e6 13. Qxc5 Qxc5 14. dxc5 Bxc5 15. Ne5 Ke7 16. Bf3 Rab8 17. Bd2 Rhc8 18. Nd3 Bd6 {[#]} 19. c5 $1 {[%mdl 512]} Bc7 $1 (19... Bxc5 20. Nxc5) 20. a4 Bc6 21. Rf1 Bd5 22. Nb4 (22. Bxd5 $11 {keeps the balance.} Nxd5 23. b4) 22... Bxf3 $17 23. Rxf3 {[#]} Ba5 $1 $36 {[%mdl 2048] Keeping White busy.} 24. Rc1 Ne4 25. Nd5+ (25. Rc4 $17 Nxd2 26. Kxd2) 25... exd5 $19 26. Bxa5 {[#]} b6 $1 {[%cal Rb6a5]} 27. Bc3 bxc5 28. Be5 Rb7 29. b3 f6 {[%cal Bf7f6,Bf6f5][%mdl 32]} 30. Ba1 Rcb8 31. Rd3 d4 32. Rb1 Ke6 {Black is clearly winning.} 33. Ke2 f5 34. Rh3 g6 35. Rf3 h5 36. Kd1 {[#]} (36. Rd3 $142) 36... c4 $1 {[%cal Bc5c4,Bc4c3][%mdl 544]} 37. Rc1 (37. bxc4 Rxb1+) 37... c3 38. Kc2 Rxb3 39. Kd3 Kd5 {Accuracy: White = 27%, Black = 71%.} 0-1